000 01135nam a2200229Ia 4500
003 Ost
005 20260507075734.0
008 260507s9999||||xx |||||||||||||| ||und||
040 _cfsecg
041 _aara
082 _a900
100 _aالزوك، محمد خميس
_eمؤلف
245 0 _aآسيا دراسة في الجغرافيا الاقليمية /
_c محمد خميس الزوك
260 _aالاسكندرية:
_bدار المعرفة الجامعية,
_c2004
300 _a493 صفحة؛
_bإيضاحات ؛
_c24 سم
504 _aببليوغرافيا: ص.483 فهرس الأشكال ص.487
520 _aالخصائص العامة،الكشوف الجغرافية،الجغرافيا،السياسية،الجغرافيا الطبيعية،الجغرافيا البشرية،جغرافيا النقل،النشاط الإقتصادي،الدراسات الإقليمية،دول جنوب شرقي آسيا،دول جنوبي آسيا،بعض دول غربي آسيا،دول وسط آسيا
653 _aآسيا- المناخ
653 _aالسكان
653 _aالنقل
942 _cكتاب
999 _c46062
_d46062